Przystanki Linia 52 Szczecin - Statystyki

Ogólne statystyki
  • Ten quiz został rozwiązany 23 razy
  • Średni wynik to 8 z 12
Statystyki odpowiedzi
Numer Przystanek % Poprawnych
12 Tkacka
100%
11 Wyszyńskiego
100%
1 Wyspa Pucka
93%
10 Celna
79%
9 Energetyków
64%
8 Port Centralny
64%
5 Wiejska
64%
6 Marynarska
57%
7 Kanał Parnicki
50%
2 Kutrowa
50%
3 Ogrody Stoczniowiec
50%
4 Okrętowa
36%
Nie znaleziono quizów pasujących do podanych kryteriów
Rozkład punktacji
Procent ludzi z każdym wynikiem
Percentyl według liczby udzielonych odpowiedzi
Twoja historia wyników
Nie rozwiązałeś tego quizu